Для тех, кто рисует. Советы художника

Opis bibliograficzny
1. autor: Павлинов П. Я. Павел Яковлевич
Język:rosyjski
Wydane: Москва, Советский художник, 1965
Hasła przedmiotowe:
Format: Książka
KOHA link:https://koha.lib.tpu.ru/cgi-bin/koha/opac-detail.pl?biblionumber=110328

MARC

LEADER 00000nam0a2200000 4500
001 110328
005 20231031120428.0
035 |a (RuTPU)RU\TPU\book\119152 
090 |a 110328 
100 |a 20070221d1965 m y0rusy50 ca 
101 0 |a rus 
102 |a RU 
105 |a a z 000zy 
200 1 |a Для тех, кто рисует. Советы художника  |f П. Я. Павлинов 
210 |a Москва  |c Советский художник  |d 1965 
215 |a 71 с.  |c ил. 
610 1 |a живопись 
610 1 |a рисунок 
610 1 |a натура 
610 1 |a изображение 
675 |a 741  |v 3 
675 |a 75.02  |v 3 
700 1 |a Павлинов  |b П. Я.  |g Павел Яковлевич 
801 1 |a RU  |b 63413507  |c 20070221  |g PSBO 
801 2 |a RU  |b 63413507  |c 20080326  |g PSBO 
942 |c BK